Latinitatis medii aevi lexicon Bohemorum 18, 2. iris - lapidea

Bibliographic Details
Format: Book
Language:Latin
Czech
PhysicalDescription:S. 301-400 23 cm
Published: Pragae KLP 2002
ISBN:8085917912 (brož.)
Edition:Vyd. 1.
Subjects:

MARC

LEADER 00000nam a2200000 a 4500
001 vtls008845079
003 SK-MaSNL
005 20260301144014.0
008 060907s2002 xr g d 000 0 lat
020 |a 8085917912 (brož.) 
040 |a SNK  |b slo  |c SNK  |e AACR2 
041 0 |a lat  |a cze 
044 |a xr  |c CZ 
072 7 |a 81  |x Lingvistika. Jazyky  |2 konspekt 
080 |a 811.124'04  |2 2001 
080 |a 811.162.3  |2 2001 
080 |a 81'374.8-022.215  |2 2001 
080 |a (038)81  |2 2001 
245 0 0 |a Latinitatis medii aevi lexicon Bohemorum  |n 18, 2. iris - lapidea 
246 1 1 |a Slovník středověké latiny v českých zemích 
250 |a Vyd. 1. 
260 |a Pragae  |b KLP  |c 2002 
300 |a S. 301-400  |c 23 cm 
500 |a Voľné listy v obale 
500 |a Názov z obalu 
650 0 7 |a stredoveká latinčina  |2 SNKPH  |9 72991 
650 0 7 |a čeština  |2 SNKPH  |9 1319 
650 0 7 |a Medieval Latin language  |2 SNKPHeng  |9 346083 
650 0 7 |a Czech language  |2 SNKPHeng  |9 288039 
655 7 |a dvojjazyčné prekladové slovníky  |2 SNKPH  |9 70744 
655 7 |a Bilingual translation dictionaries  |2 SNKPHeng  |9 287935 
919 |a 80-85917-91-2 
999 |c 775596  |d 777526 
952 |a SNK  |b SNK  |y VYP  |7 0  |p 17A0528639  |o snkIB 42320/18  |i snk2006/23417  |8 2  |g 6.80  |0 0  |1 0  |4 0  |d 2006-09-07  |l 0  |r 2026-02-24 00:48:22  |w 2026-02-24